| 000 | 00634nam a22002177a 4500 | ||
|---|---|---|---|
| 003 | LK-CoDNM | ||
| 005 | 20241219094648.0 | ||
| 008 | 241219b |||||||| |||| 00| 0 eng d | ||
| 040 |
_aLK-CoDNM _dLK-CoDNM _eLK-CoDNM |
||
| 041 | _aeng | ||
| 080 |
_a2 _bC11 |
||
| 100 | _aAgasiz,Alexander | ||
| 245 | _aTO THE GREAT BARRIER REEF OF AUSTRALIA IN THE STEAMER "CROYDON " | ||
| 250 | _aNO 4 | ||
| 260 |
_bWASHGITON _c1898 _aGOVERMENT PRINTING OFFICE |
||
| 300 | _a301P. : 42 ill ; 27 CM | ||
| 650 | _aTO THE GREAT BARRIER REEF OF AUSTRALIA IN THE STEAMER "CROYDON " | ||
| 650 | _a2 C 11 | ||
| 650 | _aScience | ||
| 942 | _cBK | ||
| 999 |
_c233506 _d233506 |
||